Lamb Dishes - Sudden Death - Statistics

General Stats
  • This quiz has been taken 43 times
  • The average score is 4 of 16
Answers on the Grid
Answers color-coded by a green-red scale on the quiz's grid according to % correct below.
Abbacchio alla romana
Naan qalia
Fahsa
Shepherd's pie
Roast lamb with mint sauce
Lancashire hotpot
Navarin
Pieds paquets
Quzi
Tavë kosi
Colonial goose
Pinnekjøtt
Fårikål
Méchoui
Haggis
Devilled kidneys
Finnbiff
Porkkanalaatikko
Deviled Crab
Cottage pie
Bistecca alla fiorentina
Tournedos Rossini
Salade parisienne
Caesar salad
Fattoush
Mast-o-khiar
Mirza ghassemi
Nargesi
 
Answer Stats
Answer % Correct
Roast lamb with mint sauce
78%
Lancashire hotpot
61%
Shepherd's pie
48%
Haggis
39%
Devilled kidneys
22%
Navarin
22%
Pieds paquets
17%
Tavë kosi
17%
Abbacchio alla romana
13%
Colonial goose
13%
Fårikål
13%
Méchoui
13%
Fahsa
9%
Naan qalia
9%
Pinnekjøtt
4%
Quzi
0%
No matching quizzes found
Score Distribution
Percent of People with Each Score
Percentile by Number Answered
Your Score History
You have not taken this quiz